Southville International School and Colleges
Your cart is empty.
  • Cart
  • Lists
    Public lists Eva Luna New books Lux_list list_1
    Your lists Log in to create your own lists
  • Log in to your account
  • Your cookies
  • Search history
Southville International School and Colleges
  • Advanced search
  • Recent comments
  • Most popular
  • Libraries

Log in to your account

Log in with GOOGLE


If you do not have an external account, but do have a local account, you can still log in:

  1. Home
  2. MARC view: A comprehensive study of Marketing Channels. /
Normal view MARC view ISBD view

A comprehensive study of Marketing Channels. / (Record no. 22607)

[ view plain ]
MARC details
000 -LEADER
fixed length control field 00674nam a2200241 a 4500
005 - DATE AND TIME OF LATEST TRANSACTION
control field 20140310183421.0
008 - FIXED-LENGTH DATA ELEMENTS--GENERAL INFORMATION
fixed length control field 070920s19uu xx 00 eng d
020 ## - INTERNATIONAL STANDARD BOOK NUMBER
International Standard Book Number 9789810699765
050 ## - LIBRARY OF CONGRESS CALL NUMBER
Classification number HF 5429.6
Item number .C854 2006
100 ## - MAIN ENTRY--PERSONAL NAME
Personal name Coughlan, Anne T.
245 ## - TITLE STATEMENT
Title A comprehensive study of Marketing Channels. /
Statement of responsibility, etc Anne T. Coughian
250 ## - EDITION STATEMENT
Edition statement 7th ed.
260 ## - PUBLICATION, DISTRIBUTION, ETC. (IMPRINT)
Place of publication, distribution, etc Jurong, Singapore :
Name of publisher, distributor, etc Pearson Education Asia,
Date of publication, distribution, etc 2006.
300 ## - PHYSICAL DESCRIPTION
Extent 555 p. :
Dimensions 23 cm.
521 ## - TARGET AUDIENCE NOTE
Target audience note
650 ## - SUBJECT ADDED ENTRY--TOPICAL TERM
Topical term or geographic name as entry element Marketing channels.
700 ## - ADDED ENTRY--PERSONAL NAME
Personal name Anderson, Erin
700 ## - ADDED ENTRY--PERSONAL NAME
Personal name Stern, Louis W.
700 ## - ADDED ENTRY--PERSONAL NAME
Personal name El-Ansary, Adel I.
942 ## - ADDED ENTRY ELEMENTS (KOHA)
Koha item type Books
Source of classification or shelving scheme Library of Congress Classification
Call number prefix Foreign
Holdings
Withdrawn status Lost status Source of classification or shelving scheme Damaged status Home library Current library Shelving location Date acquired Source of acquisition Cost, normal purchase price Total Checkouts Full call number Barcode Date last seen Copy number Price effective from Koha item type
    Library of Congress Classification   College Library College Library General Circulation Section 10/06/2008   798.00   HF 5429.6 .C854 2006 C9867 05/15/2018 1 10/18/2013 Books
    Library of Congress Classification   College Library College Library General Circulation Section 12/09/2013       HF 5429.6 .C854 2006 C8756 05/15/2018 2 12/09/2013 Books

A comprehensive study of Marketing Channels. /

APA

Coughlan A. T., Anderson E., Stern L. W. & El-Ansary A. I. (2006). A comprehensive study of Marketing Channels. Jurong, Singapore: Pearson Education Asia.

Chicago

Coughlan Anne T, Anderson Erin, Stern Louis W and El-Ansary Adel I. 2006. A comprehensive study of Marketing Channels. Jurong, Singapore: Pearson Education Asia.

Harvard

Coughlan A. T., Anderson E., Stern L. W. and El-Ansary A. I. (2006). A comprehensive study of Marketing Channels. Jurong, Singapore: Pearson Education Asia.

MLA

Coughlan Anne T, Anderson Erin, Stern Louis W and El-Ansary Adel I. A comprehensive study of Marketing Channels. Jurong, Singapore: Pearson Education Asia. 2006.

  • Place hold
  • Print
  • Cite
  • Add to your cart (remove)
  • Save record
    BIBTEX Dublin Core MARCXML MARC (non-Unicode/MARC-8) MARC (Unicode/UTF-8) MARC (Unicode/UTF-8, Standard) MODS (XML) RIS
  • More searches
    Search for this title in:
    Other Libraries (WorldCat) Other Databases (Google Scholar) Online Stores (Bookfinder.com) Open Library (openlibrary.org)

Exporting to Dublin Core...

SOUTHVILLE LIBRARY

Southville International School and Colleges Library

1281 Tropical Ave. Cor. Luxembourg St., BF Homes International, Las Pinas City

Tel. No. 8256374 / 252358 Loc. 117/146

Powered by Koha